[Event "Thane ARMS op 1st"]
[Site "Thane"]
[Date "2018.04.22"]
[Round "9"]
[White "Gajengi, Rajababu"]
[Black "Naik, BS."]
[Result "1-0"]
[WhiteElo "1885"]
[BlackElo "1458"]
[PlyCount "83"]
[EventDate "2018.04.21"]
[EventType "swiss (rapid)"]
[EventRounds "9"]
[EventCountry "IND"]
[SourceTitle "CBM 184 Extra"]
[Source "ChessBase"]
[SourceDate "2018.06.28"]
[SourceVersion "1"]
[SourceVersionDate "2018.06.28"]
[SourceQuality "1"]

1. d4 d5 2. c4 e6 3. Nc3 Nf6 4. Bg5 c6 5. Nf3 Nbd7 6. e3 Qa5 7. Nd2 Bb4 8. Qc2 0-0 9. Nb3 Qc7 10. Bd3 Re8 11. 0-0 Bd6 12. h3 h6 13. Bxf6 Nxf6 14. Rac1 e5 15. cxd5 cxd5 16. Nb5 Qxc2 17. Rxc2 Bb8 18. dxe5 Bxe5 19. Nc7 Bxc7 20. Rxc7 b6 21. Nd4 Bd7 22. Rfc1 Rec8 23. Ba6 Rd8 24. Kf1 Kf8 25. Ke2 Ke8 26. Bb7 Rab8 27. Bc6 a5 28. Kd3 Ne4 29. Ke2 Nf6 30. f3 Ng8 31. Bxd5 Bb5+ 32. Bc4 Bxc4+ 33. R1xc4 Rd7 34. b3 Nf6 35. e4 Rbd8 36. Rxd7 Rxd7 37. Rc8+ Rd8 38. Rc4 Rd7 39. Ke3 g5 40. Nf5 h5 41. Rc8+ Rd8 42. Nd6+ 1-0

[Event "Panchavati op 2nd"]
[Site "Panchavati"]
[Date "2016.05.21"]
[Round "9"]
[White "Gajengi, Rajababu"]
[Black "Chavan, Nameet"]
[Result "0-1"]
[WhiteElo "1876"]
[BlackElo "1579"]
[PlyCount "68"]
[EventDate "2016.05.17"]
[EventType "swiss"]
[EventRounds "10"]
[EventCountry "IND"]
[SourceTitle "CBM 172 Extra"]
[Source "ChessBase"]
[SourceDate "2016.06.21"]
[SourceVersion "1"]
[SourceVersionDate "2016.06.21"]
[SourceQuality "1"]

1. d4 Nf6 2. e3 g6 3. f4 Bg7 4. Nf3 0-0 5. Bd3 d5 6. Nbd2 Bf5 7. Bxf5 gxf5 8. 0-0 c5 9. c3 Nc6 10. dxc5 a5 11. Nd4 e6 12. N2f3 Ne4 13. Bd2 Nxc5 14. Rc1 h6 15. Be1 Ne4 16. Rc2 a4 17. g4 fxg4 18. Nxc6 bxc6 19. Nd4 Bxd4 20. cxd4 f5 21. Bb4 Rf6 22. Rxc6 Rg6 23. Qc2 g3 24. h3 Nf2 25. Rc1 Nxh3+ 26. Kg2 Nf2 27. Rc8 Rxc8 28. Qxc8 Qxc8 29. Rxc8+ Kh7 30. Bd6 Nd3 31. b4 Ne1+ 32. Kg1 g2 33. Rc7+ Kg8 34. Rc8+ Kf7 0-1

[Event "Panchavati op 2nd"]
[Site "Panchavati"]
[Date "2016.05.20"]
[Round "6"]
[White "Gajengi, Rajababu"]
[Black "Aryan, Abhijeet Shah"]
[Result "0-1"]
[WhiteElo "1876"]
[BlackElo "1713"]
[PlyCount "58"]
[EventDate "2016.05.17"]
[EventType "swiss"]
[EventRounds "10"]
[EventCountry "IND"]
[SourceTitle "CBM 172 Extra"]
[Source "ChessBase"]
[SourceDate "2016.06.21"]
[SourceVersion "1"]
[SourceVersionDate "2016.06.21"]
[SourceQuality "1"]

1. d4 Nf6 2. c4 g6 3. Nc3 d5 4. cxd5 Nxd5 5. h4 h5 6. Qb3 Nb6 7. Nf3 Bg7 8. Bf4 0-0 9. e3 Be6 10. Qc2 Nc6 11. a3 Bf5 12. Qd1 e5 13. dxe5 Qe7 14. Bg5 Qe6 15. Nb5 Nxe5 16. Nfd4 Qd7 17. Rc1 c6 18. Nxf5 Qxf5 19. Nd4 Qd7 20. Be2 Nd5 21. e4 Nf6 22. f3 Nh7 23. Be3 Rfd8 24. Qc2 c5 25. Nb5 Nd3+ 26. Bxd3 Qxd3 27. Qxd3 Rxd3 28. Ke2 Rb3 29. Rc2 Rxb5 0-1